Жильный кварц золоторудного месторождения " Эльдорадо " (Енисейский Кряж); Геология

Chi tiết về thư mục
Parent link:Геология.— 1973.— С. 122-123
Tác giả chính: Ильенок С. С. Сергей Сергеевич
Tác giả khác: Сазонов А. М.
Ngôn ngữ:Tiếng Nga
Được phát hành: 1973
Những chủ đề:
Định dạng: MixedMaterials Chương của sách
KOHA link:https://koha.lib.tpu.ru/cgi-bin/koha/opac-detail.pl?biblionumber=151955

MARC

LEADER 00000naa2a2200000 4500
001 151955
005 20231031150900.0
035 |a (RuTPU)RU\TPU\book\164778 
035 |a RU\TPU\tpu\13964 
090 |a 151955 
100 |a 20090128d1973 k y0rusy50 ca 
101 0 |a rus 
102 |a RU 
200 1 |a Жильный кварц золоторудного месторождения " Эльдорадо " (Енисейский Кряж)  |f С. С. Ильенок, А. М. Сазонов 
463 0 |0 (RuTPU)RU\TPU\book\139279  |t Геология  |o материалы конференции, посвященные 75-летию института  |f Томский политехнический институт ; под ред. А. В. Аксарина  |v С. 122-123  |d 1973  |p 232 с. 
610 1 |a труды учёных ТПУ 
700 1 |a Ильенок  |b С. С.  |c российский геолог  |c профессор Томского политехнического института  |f 1912-1983  |g Сергей Сергеевич  |2 stltpush  |3 (RuTPU)RU\TPU\pers\13902 
701 1 |a Сазонов  |b А. М. 
801 1 |a RU  |b 63413507  |c 20080215  |g PSBO 
801 2 |a RU  |b 63413507  |c 20090128  |g PSBO 
942 |c BK